|
|
|
|
| LEADER |
00000nab a2200000 a 4500 |
| 001 |
vtls000170669 |
| 003 |
SK-MaSNL |
| 005 |
20260318123420.0 |
| 008 |
111031c1983 xo 0 rus |
| 015 |
|
|
|a SNBRA19rr/mm-uuuuu
|
| 035 |
|
|
|a CL0180780
|
| 040 |
|
|
|a SNKBUCL
|b slo
|c SNKBUCL
|e AACR2
|
| 041 |
0 |
|
|a rus
|
| 044 |
|
|
|a xo
|c SK
|
| 080 |
|
|
|a 630 3:582.632.3
|2 1981
|
| 080 |
|
|
|a 582.632.3
|2 1981
|
| 100 |
1 |
|
|a Jančo, Jozef,
|d 1923-
|4 aut
|9 5301
|
| 245 |
1 |
0 |
|a Sravnenie vidov technologii zagotovki lesa v spelych bukovych nasaždenijach
|c Jozef Jančo, Juraj Veselský
|
| 300 |
|
|
|b Obr. 6. Tb. 5. Res. slov., rus., nem., angl.
|
| 650 |
0 |
7 |
|a buky
|2 snkbucl
|9 572806
|
| 650 |
0 |
7 |
|a bukové porasty
|2 snkbucl
|9 78544
|
| 650 |
0 |
7 |
|a ťažba dreva
|2 snkbucl
|9 16648
|
| 655 |
|
7 |
|a články zo zborníkov
|2 snkbucl
|9 166140
|
| 700 |
1 |
|
|a Veselský, Juraj
|4 aut
|9 254536
|
| 773 |
0 |
|
|t Acta Instituti forestalis Zvolensis 6
|d Bratislava : Príroda, 1983
|g S. 143-159
|
| 850 |
|
|
|a Slovenská národná knižnica v Martine
|a MTA001
|
| 852 |
|
|
|a SNK
|b KIS3GCP
|
| 958 |
|
|
|a RK
|
| 992 |
|
|
|a RZB
|
| 999 |
|
|
|c 2632941
|d 2634871
|